000
00326nam a22001337a 4500
008
171228b xxu||||| |||| 00| 0 eng d
020
_a
9781587788703
041
_a
eng
080
_a
34
100
_a
14
101
_a
JUR
245
_a
2006 SELECTED STANDARDS ON PROFESSIONAL RESPONSIBILITY
_c
MORGAN,TH.D
942
_2
udc
_c
BK
999
_c
39573
_d
39573